<?xml version="1.0" encoding="UTF-8"?>
<record
    xmlns:xsi="http://www.w3.org/2001/XMLSchema-instance"
    xsi:schemaLocation="http://www.loc.gov/MARC21/slim http://www.loc.gov/standards/marcxml/schema/MARC21slim.xsd"
    xmlns="http://www.loc.gov/MARC21/slim">

  <leader>01460nam a22002777a 4500</leader>
  <controlfield tag="005">20170124103122.0</controlfield>
  <datafield tag="010" ind1=" " ind2=" ">
    <subfield code="a">B-082052</subfield>
  </datafield>
  <datafield tag="020" ind1=" " ind2=" ">
    <subfield code="c">00.00</subfield>
    <subfield code="a">8185701148</subfield>
  </datafield>
  <datafield tag="035" ind1=" " ind2=" ">
    <subfield code="a">B-082052</subfield>
  </datafield>
  <datafield tag="037" ind1=" " ind2=" ">
    <subfield code="b">Cen Lib/Ret</subfield>
  </datafield>
  <datafield tag="040" ind1=" " ind2=" ">
    <subfield code="a">DPL</subfield>
    <subfield code="b">HN</subfield>
  </datafield>
  <datafield tag="082" ind1=" " ind2=" ">
    <subfield code="a">330.954</subfield>
    <subfield code="b">&#x915;&#x92A;&#x942;&#x930; </subfield>
  </datafield>
  <datafield tag="100" ind1=" " ind2=" ">
    <subfield code="a">&#x915;&#x92A;&#x942;&#x930;, &#x90F;&#x938;.&#x915;&#x947;.</subfield>
    <subfield code="9">73</subfield>
  </datafield>
  <datafield tag="245" ind1=" " ind2=" ">
    <subfield code="a">&#x92D;&#x93E;&#x930;&#x924;&#x940;&#x92F; &#x905;&#x930;&#x94D;&#x925;&#x935;&#x94D;&#x92F;&#x935;&#x938;&#x94D;&#x925;&#x93E; &#x915;&#x93E; &#x935;&#x93F;&#x915;&#x93E;&#x938; &#x90F;&#x935;&#x902; &#x92A;&#x94D;&#x930;&#x93E;&#x930;&#x902;&#x92D;&#x93F;&#x915; &#x938;&#x93E;&#x902;&#x916;&#x94D;&#x92F;&#x93F;&#x915;&#x940; /</subfield>
    <subfield code="c">&#x90F;&#x938;.&#x915;&#x947;.&#x915;&#x92A;&#x942;&#x930; [&#x914;&#x930;] &#x915;&#x947;.&#x90F;&#x938;.&#x930;&#x93E;&#x920;&#x940; </subfield>
  </datafield>
  <datafield tag="246" ind1=" " ind2=" ">
    <subfield code="a">Bhartiye arthvyavstha ka vikas ewam prarambhik sankhyiki /</subfield>
    <subfield code="b">by S.K.Kapoor [aur] K.S.Rathi</subfield>
  </datafield>
  <datafield tag="250" ind1=" " ind2=" ">
    <subfield code="a">&#x926;&#x94D;&#x935;&#x93F;&#x924;&#x940;&#x92F; &#x938;&#x902;&#x938;&#x94D;&#x915;&#x930;&#x923; </subfield>
  </datafield>
  <datafield tag="260" ind1=" " ind2=" ">
    <subfield code="b">&#x90F;&#x938;.&#x915;&#x947;.&#x92A;&#x941;&#x92C;&#x94D;&#x932;&#x93F;&#x936;&#x930;&#x94D;&#x91C; </subfield>
    <subfield code="a">&#x917;&#x941;&#x921;&#x917;&#x93E;&#x901;&#x935; </subfield>
    <subfield code="c">2000</subfield>
  </datafield>
  <datafield tag="270" ind1=" " ind2=" ">
    <subfield code="a">66010, &#x915;&#x943;&#x937;&#x94D;&#x923;&#x93E; &#x915;&#x93E;&#x932;&#x94B;&#x928;&#x940; </subfield>
    <subfield code="b">&#x939;&#x930;&#x93F;&#x92F;&#x93E;&#x923;&#x93E; </subfield>
  </datafield>
  <datafield tag="300" ind1=" " ind2=" ">
    <subfield code="a">156&#x92A;&#x943;. </subfield>
    <subfield code="c">20&#x938;&#x947;&#x92E;&#x940;(&#x938;&#x91C;&#x93F;&#x932;&#x94D;&#x926;)</subfield>
  </datafield>
  <datafield tag="650" ind1=" " ind2=" ">
    <subfield code="a">&#x92D;&#x93E;&#x930;&#x924;&#x940;&#x92F; &#x905;&#x930;&#x94D;&#x925;&#x935;&#x94D;&#x92F;&#x935;&#x938;&#x94D;&#x925;&#x93E; -- &#x935;&#x93F;&#x915;&#x93E;&#x938; </subfield>
    <subfield code="9">5069</subfield>
  </datafield>
  <datafield tag="650" ind1=" " ind2=" ">
    <subfield code="a">&#x92D;&#x93E;&#x930;&#x924;&#x940;&#x92F; &#x905;&#x930;&#x94D;&#x925;&#x935;&#x94D;&#x92F;&#x935;&#x938;&#x94D;&#x925;&#x93E; -- &#x935;&#x938;&#x94D;&#x924;&#x941;&#x938;&#x94D;&#x925;&#x93F;&#x924;&#x93F; &#x914;&#x930; &#x935;&#x93F;&#x915;&#x93E;&#x938; &#x938;&#x902;&#x92D;&#x93E;&#x935;&#x94D;&#x92F;&#x924;&#x93E; </subfield>
    <subfield code="9">82141</subfield>
  </datafield>
  <datafield tag="650" ind1=" " ind2=" ">
    <subfield code="a">Indian Economy - Development</subfield>
    <subfield code="9">82142</subfield>
  </datafield>
  <datafield tag="650" ind1=" " ind2=" ">
    <subfield code="a">Indian economy - the status and development potential</subfield>
    <subfield code="9">82143</subfield>
  </datafield>
  <datafield tag="700" ind1=" " ind2=" ">
    <subfield code="a">&#x930;&#x93E;&#x920;&#x940;, &#x915;&#x947;.&#x90F;&#x938;.</subfield>
    <subfield code="9">73</subfield>
  </datafield>
  <datafield tag="942" ind1=" " ind2=" ">
    <subfield code="2">ddc</subfield>
    <subfield code="c">HN</subfield>
    <subfield code="h">330.954</subfield>
    <subfield code="m">&#x915;&#x92A;&#x942;&#x930; </subfield>
  </datafield>
  <datafield tag="999" ind1=" " ind2=" ">
    <subfield code="c">118841</subfield>
    <subfield code="d">118841</subfield>
  </datafield>
  <datafield tag="952" ind1=" " ind2=" ">
    <subfield code="0">0</subfield>
    <subfield code="1">0</subfield>
    <subfield code="4">0</subfield>
    <subfield code="7">0</subfield>
    <subfield code="a">L</subfield>
    <subfield code="b">L</subfield>
    <subfield code="d">2015-09-14</subfield>
    <subfield code="e">Cen Lib/Ret</subfield>
    <subfield code="g">0.00</subfield>
    <subfield code="l">2</subfield>
    <subfield code="o">330.954 &#x915;&#x92A;&#x942;&#x930;</subfield>
    <subfield code="p">B-082052</subfield>
    <subfield code="r">2019-07-14 00:00:00</subfield>
    <subfield code="s">2019-06-27</subfield>
    <subfield code="t">1</subfield>
    <subfield code="v">0.00</subfield>
    <subfield code="w">2015-09-14</subfield>
    <subfield code="y">HN</subfield>
  </datafield>
</record>
